000 00727nam a2200253Ia 4500
003 OSt
005 20220924123017.0
006 a|||||r|||| 00| 0
007 ta
008 220923b |||||||| |||| 00| 0 san d
024 _a454
037 _cTextual
040 _aARTS
_cARTS
_bsan
041 _2san
_asan
082 _aQ222:23x:18, 15J9;L5
100 _aKrishnamacharya V Ed.
_9169992
245 0 _aLaksmi tantra
_b a pancaratra agama
260 _aMadras
_bAdyar Library and Research Centre
_c1975
300 _a55,324p.
_ccm.
490 _aAdyar library series; 87
650 _aRELIGION
942 _hQ222:23x:18, 15J9;L5
_cTEXL
_2CC
999 _c413957
_d413957